01119nab a22002177a 4500003000400000005001700004008004100021040000700062100002300069245011600092260007200208300001300280500003800293505025500331505008900586650002000675650002000695650002500715650002300740773013800763OSt20251230234425.0190605e xxu||||| |||| 00| 0 spa d cPJ aDe Giano, Rubén 10aLey de Bases : bsu aplicación a relaciones de trabajo en curso y su constitucionalidad /cRubén De Giano.  aCiudad Autónoma de Buenos Aires :bThomson Reuters La Ley,c2024. ap. 56-61 aCita: TR LALEY AR/DOC/2108/2024  a Sumario: I. Introducción.— II. ¿Es necesario revisitar el concepto de trabajo?— III. Vigencia y retroactividad de las leyes.— IV. La constitucionalidad de la Ley de Bases en relación con determinados efectos de las relaciones de trabajo.  t¿Te interesa el texto completo? Solicitalo al correo: koha@justierradelfuego.gov.ar 0aDERECHO LABORAL 0aREFORMA LABORAL 0aRELACIONES LABORALES 0aCONSTITUCIONALIDAD0 02711dCiudad Autónoma de Buenos Aires : Thomson Reuters La Ley, 1999-2002.tRevista de derecho del trabajo. Nº 5 - Septiembre 2024